000 01375nam a2200337 i 4500
001 000020628
003 DO-SdBNP
005 20250203081051.0
007 ta
008 100811s2016 sp 000 f spa d
020 _a9788416815401
020 _a9788416815418 (digital)
040 _aDO-SdBNP
_bspa
_cBNPHU
_erda
041 _aspa
082 4 _aRD863.44
_bV443n
_222
100 1 _aVeloz Maggiolo, Marcio,
_d1936-2021
_eautor
_4aut.
_91104
245 1 3 _aLa navidad :
_bmemorias de un naufragio /
_cMarcio Veloz Maggiolo.
250 _aPrimera edición
264 4 _aMadrid, España :
_bEdiciones Lacre,
_c©2016.
300 _a263 páginas ;
_c23 cm.
336 _atexto
_btxt
_2rdacontent
337 _asin mediación
_bn
_2rdamedia
338 _avolumen
_bnc
_2rdacarrier
490 0 _aMaestros de la novela histórica ;
_v35
500 _aIncluye datos biográficos del autor en la página 265.
590 _aInventariado, 2020 /LP
650 0 _aNovela dominicana
_9223
650 4 _aLiteratura dominicana
910 _aValidado. Control de calidad MFF
942 _2ddc
_cLBS1
999 _c20132
_d20132